00579cam a22002053a 450000100060000000300060000600500170001200800410002904000150007004200070008505000070009210000300009924500820012926000290021150600300024051600200027065300120029083000290030285600420033119919PGUSA20140828083424.0061126s2006||||xxu|||||s|||||000 1 eng d aPGUSAbeng adc 4aPQ1 aFéval, Paul,d1817-188710aMaman Léo :bLes Habits Noirs Tome Vh[electronic resource] /cPaul Féval bProject Gutenberg,c2006 aPublic domain in the USA. aElectronic text aFiction 0aProject Gutenbergv1991940uhttp://www.gutenberg.org/ebooks/19919